Umpama obor malam purnama
| Main Author: | |
|---|---|
| Format: | Book |
| Published: |
P.Jaya :
Eddiplex ,
1995
|
| Series: | Siri seloka peribahasa
|
| Subjects: |
MARC
| LEADER | 00000cam a2200000 7i4500 | ||
|---|---|---|---|
| 001 | 0000006151 | ||
| 002 | 000006641 | ||
| 005 | 20000330.0 | ||
| 020 | |a 983880178X | ||
| 090 | 0 | 0 | |a JF |b SHA |
| 100 | 0 | |a Shailey Azizah | |
| 245 | 1 | 0 | |a Umpama obor malam purnama |c Shailey Azizah |
| 260 | |a P.Jaya : |b Eddiplex , |c 1995 | ||
| 300 | |a 30p. : |b ill ; |c 20cm. | ||
| 490 | 0 | |a Siri seloka peribahasa | |
| 650 | 0 | 0 | |a Children's stories, Malay |
| 999 | |a 038453 |b BUKU |c PINJAMAN |e PERPUSTAKAAN KOMUNITI CAW KOTA DAMANSARA | ||